Estadísticas para Palabras que Vienen del Inglés

Haz click aquí para intentar la prueba.

Estadísticas generales

  • Esta prueba ha sido intentada 1.169 veces
  • La puntuación promedio es 13 de 20

Estadísticas de respuestas

DescripciónPalabra% Correcto
En el fútbol, cuando se introduce
la pelota en la portería
Gol
97%
Se usa esto en las axilas para mantenerse sin olorDesodorante
89%
El deporte más popular en latinoaméricaFútbol
88%
Unos pantalones muy cortosShorts
88%
Un deporte de raqueta jugada con una red centralTenis
88%
Un deporte que consiste en introducir
una bola en unos hoyos
Golf
84%
Un deporte jugada con una red central; suele jugarse en la playaVoleibol
84%
La persona que dirige un grupoLíder
83%
Un alimento de carne entre panes;
suele comerse con papas fritas
Hamburguesa
78%
Un vehículo blindado de combateTanque
75%
Un paso subterráneoTúnel
69%
Un deporte que favorece la gente altaBásquetbol
66%
Un armario; en hispanoaméricaClóset
59%
Revisar o comprobarChequear
53%
Una prenda de punto que cubre el tronco y brazosSuéter
51%
Un deporte bastante popular en el CaribeBéisbol
50%
Una mezcla de bebidas; suele tenerse alcoholCóctel
50%
Proviene de las palabras "beef" y "steak"Bistec
45%
Una reunión para discursos políticosMitin
43%
Lo más habitual; suele servirse para
valorar cosas de la misma especie
Estándar
7%

Distribución de puntuación

Porcentaje por número respondido

Porcentaje de gente con cada puntuación

Historial de tus puntuaciones

No has intentado esta prueba.